000
00289nam a22001337a 4500
008
170703b xxu||||| |||| 00| 0 eng d
020
_a
9780195308518
041
_a
eng
080
_2
3RD
_a
82
100
_a
22
101
_a
GJL
245
_a
THE MORAL LIFE
_c
POJMAN, L.P
942
_2
udc
_c
BK
999
_c
19874
_d
19874